Ricostruisci la Carriera del Calciatore - Marco Parolo - Statistics

Statistiche generali
  • Questo quiz è stato fatto 7 volte
  • Il punteggio medio è 4 su 8
Statistiche sulle risposte
Hint Risposta % Corretto
2014-2021 Lazio
71%
2007-2008 Foligno
57%
2003-2004 L. P. Marconi
57%
2012-2014 Parma
57%
2008-2009 Verona
57%
2009-2012 Cesena
43%
2004-2005 Como
29%
2005-2007 Pistoiese
29%
Nessun quiz corrispondente trovato
Distribuzione punteggi
Percentuale di utenti per punteggio
Percentile per numero di risposta
I tuoi punteggi nel tempo
Non hai fatto questo quiz